Statistics for Foods Starting with B

Click here to take the quiz!

General Stats

  • This quiz has been taken 210 times
    (169 since last reset)
  • The average score is 9 of 16

Answer Stats

Answer% Correct
Blueberry
100%
Blackberry
99%
Banana
95%
Bread
91%
Bell Pepper
85%
Burrito
80%
Butter
75%
Brownie
67%
Beef
57%
Baklava
40%
Boysenberry
34%
Bread Pudding
29%
Blood Sausage/ Black Pudding
19%
Blondie
15%
Barbecue Sauce
12%
Bouillabaisse
2%

Score Distribution

Percentile by Number Answered

Percent of People with Each Score

Your Score History

You have not taken this quiz since the last reset